01315nam a2200349 a 4500001001200000003000800012006001900020007001500039008004100054015001500095020001800110020001500128020002100143040002100164035002000185050002600205082001900231100001700250245007900267250001200346260003800358300002500396504006400421533015200485650004700637650005100684650004100735655002900776710001700805856012600822999001700948ebr10076732CaPaEBRm u cr cn|||||||||011114s2001 enka sb 001 0 eng  aGBA1-V6660 z9781412931496 z0761967389 z0761967397 (pbk) aCaPaEBRcCaPaEBR a(OCoLC)7077391314aLB1576b.B8724 2001eb04a372.6/09412211 aBrowne, Ann.10aDeveloping language and literacy 3-8h[electronic resource] /cAnn Browne. a2nd ed. aLondon :bP. Chapman Pub.,c2001. aviii, 280 p. :bill. aIncludes bibliographical references (p. 270-278) and index. aElectronic reproduction.bPalo Alto, Calif. :cebrary,d2013.nAvailable via World Wide Web.nAccess may be limited to ebrary affiliated libraries. 0aLanguage arts (Elementary)zGreat Britain. 0aLanguage awareness in childrenzGreat Britain. 0aReading (Elementary)zGreat Britain. 7aElectronic books.2local2 aebrary, Inc.40uhttp://site.ebrary.com/lib/rucke/Doc?id=10076732zAn electronic book accessible through the World Wide Web; click to view c53514d53514